000 00312nam a22001217a 4500
999 _c4369
_d4369
008 250212b ||||| |||| 00| 0 eng d
020 _a9788119307173
082 _a582.16
100 _aUNIVERSAL KNOWLEDGE LIBRARY
245 _aTREES
260 _aMUMBAI,INDIA
_bWILCO INTERNATIONAL LLP,MUMBAI-INDIA
942 _2ddc